000 00733nam a2200229Ia 4500
001 9866
003 GE_BSU
008 181216s||||||||xx |||||||||||||| ||und||
020 _a999403958X
040 _cGE_BSU
080 _a821.353.1–1
100 _aლებანიძე,მურმან
245 _a100 ლექსი
245 _cშემდგ.და რედ.ელენე ჭავჭავაძე.საგამომც.პროექტის ავტ.კახმეგ კუდავა
260 _aთბილისი
260 _bინტელექტი
260 _c2006
300 _a132გვ.21სმ.
541 _h5ლ.70თ.
653 _a100 ლექსი
942 _cBK
999 _c43145
_d43145